• 首页
  • 本馆介绍
  • 公告通知
  • 最新文献
  • 馆藏检索
  • 电子资源
  • 读者导购
  • 参考咨询
  • 我的图书馆
  • 登录
  • 详细信息显示
  • 放入我的书架
  • 预约/预借图书
  • 作者相关作品
  • 分类相关作品
  • 丛书相关作品
  • 出版社相关作品

书目信息

  • 表格格式
  • 工作单格式
  • 卡片格式
题名:
清宫玄机录
    
 
作者: 金性尧 著
分册:  
出版信息: 天津   天津人民出版社  2019
页数: 229页
开本: 21cm
丛书名: 新华经典学术文库
单 册:
中图分类: K249.06
科图分类:
主题词: 宫廷--中国--清代--史料
电子资源:
ISBN: 978-7-201-14535-8
000 00902nam0 2200241 450
001 012001009103
005 20191029101541.81
010    @a978-7-201-14535-8@b精装@dCNY59.00
100    @a20190725d2019 em y0chiy50 ea
101 0  @achi
102    @aCN@b120000
105    @ay z 000yy
106    @ar
200 1  @a清宫玄机录@9qing gong xuan ji lu@b专著@f金性尧著
210    @a天津@c天津人民出版社@d2019
215    @a229页@d21cm
225 1  @a新华经典学术文库
330    @a本书为读者展示出清宫内的奇案传说与风云变幻。清朝统治中国二百余年,其间宫廷内外大小争斗几无间断。皇族之间,建皇储、承帝位,牵起漫天风雨;朝臣之中,求上达、谋私利,也争得翻天覆地;而后妃、太监集团的钩心斗角,亦复不少。如此种种,构成一幕幕人间悲喜剧。
606 0  @a宫廷@y中国@z清代@j史料
690    @aK249.06@v5
701  0 @a金性尧@9jin xing yao@4著
801  2 @aCN@b上海新华@c20191020
905    @b1187024-7@dK249.06@e129@f4
    
    清宫玄机录/金性尧著.-天津:天津人民出版社,2019
    229页;21cm.-(新华经典学术文库)
    
    
    ISBN 978-7-201-14535-8(精装):CNY59.00
    本书为读者展示出清宫内的奇案传说与风云变幻。清朝统治中国二百余年,其间宫廷内外大小争斗几无间断。皇族之间,建皇储、承帝位,牵起漫天风雨;朝臣之中,求上达、谋私利,也争得翻天覆地;而后妃、太监集团的钩心斗角,亦复不少。如此种种,构成一幕幕人间悲喜剧。
●
相关链接 在E读中查询图书 在五车中查询图书 在当当中查询图书 在豆瓣中查询图书


正题名:清宫玄机录     索取号:K249.06/129         预约/预借

序号 登录号 条形码 馆藏地/架位号 状态 备注
1 1187024   211870242   第二样本阅览室/ [索取号:K249.06/129] 在馆    
2 1187025   211870251   第二借阅区/ [索取号:K249.06/129] 在馆    
3 1187026   211870260   第二借阅区/ [索取号:K249.06/129] 在馆    
4 1187027   211870279   第二借阅区/ [索取号:K249.06/129] 在馆    
唐山师范学院图书馆 欢迎您!
大连网信软件有限公司© 版权所有